The Croker papers : the correspondence and diaries of the late Right Honourable John Wilson Croker, LL.D., F.R.S. /

Saved in:
Bibliographic Details
Main Author: Croker, John Wilson, 1780-1857
Other Authors: Jennings, Louis J. (Louis John), 1836-1893
Format: Book
Language:English
Published: Lond. : Murray, 1884.
Subjects:
LEADER 01323nam a22002771 4500
001 c000347475
003 CARM
005 00000000000000.0
008 851003s1884 enk 0 eng d
019 1 |a 3973971  |5 LACONCORD2021 
035 |a (OCoLC)216907278  |5 LACONCORD2021 
100 1 |a Croker, John Wilson,  |d 1780-1857. 
245 1 4 |a The Croker papers :  |b the correspondence and diaries of the late Right Honourable John Wilson Croker, LL.D., F.R.S. /  |c Secretary to the Admiralty from 1809 to 1830. Ed. by L.J.Jennings. 
260 |a Lond. :  |b Murray,  |c 1884. 
300 |a 3 vols. 
600 1 0 |a Croker, John Wilson. 
651 0 |a Great Britain  |x History  |y 19th century  |x Sources. 
700 1 |a Jennings, Louis J.  |q (Louis John),  |d 1836-1893. 
852 8 |b CARM  |h A1:AN16F0  |i B08717  |p 0415533  |f BK 
852 8 |b CARM  |h A1:AN16F0  |i B08717  |p 0415528  |f BK 
852 8 |b CARM  |h A1:AO13G0  |i B08131  |p 0359682  |f BK 
082 0 4 |a 942.07 
999 f f |i 741a7a83-1040-5569-80d7-0dcc37613fd7  |s 7c4c4e7c-515c-5eef-8bba-23f9073ac2aa 
952 f f |p Can circulate  |a CAVAL  |b CAVAL  |c CAVAL  |d CARM 1 Store  |e B08717  |f A1:AN16F0  |h Other scheme  |i book  |m 0415528 
952 f f |p Can circulate  |a CAVAL  |b CAVAL  |c CAVAL  |d CARM 1 Store  |e B08131  |f A1:AO13G0  |h Other scheme  |i book  |m 0359682 
952 f f |p Can circulate  |a CAVAL  |b CAVAL  |c CAVAL  |d CARM 1 Store  |e B08717  |f A1:AN16F0  |h Other scheme  |i book  |m 0415533